Religion Quiz

Random Religion or Bible Quiz

Named Bible Books Quiz Stats

Quiz Updated Mar 7, 2015

Challenge
Share
Tweet
Embed
Score 0/35 Timer 07:00
13 Plays Today
% Correct
John (1, 2 & 3)
95.9%
John
95.8%
Luke
93.7%
Matthew
93.2%
Mark
93.1%
Ruth
84.9%
Job
76.9%
Peter (1 & 2)
72.9%
Esther
70.5%
Joshua
65.7%
Daniel
64%
Isaiah
64%
Samuel (1 & 2)
62.9%
Ezekiel
62.5%
James
61.3%
Timothy (1 & 2)
60.6%
Ezra
58.6%
Jeremiah
57.5%
% Correct
Jonah
57.5%
Jude
55.1%
Amos
51.6%
Nehemiah
50.5%
Titus
50%
Malachi
49.9%
Micah
48.2%
Zechariah
47%
Obadiah
47%
Hosea
44.9%
Joel
44.8%
Philemon
44.6%
Song of Solomon
44.1%
Zephaniah
42.4%
Habakkuk
40.8%
Nahum
40.2%
Haggai
40.1%

You're not logged in!

Compare scores with friends on all Sporcle quizzes.
Join for Free
OR
Log In

You Might Also Like...

Show Comments

Extras

Top Quizzes Today


Score Distribution

Your Account Isn't Verified!

In order to create a playlist on Sporcle, you need to verify the email address you used during registration. Go to your Sporcle Settings to finish the process.

Report this User

Report this user for behavior that violates our Community Guidelines.

Details: